000 00209nam a2200097Ia 4500
008 220204s9999 xx 000 0 und d
082 _a82-3
_bDEN
100 _aDenker, Henry
245 0 _aKingmaker
942 _cBK
999 _c32116
_d32116